00326nam a2200121Ia 4500008004100000082001400041100002100055245006800076250000800144260002400152300000800176650002000184150301s2013 xx 000 0 und d a617bP13K aKAMAT, SHAILA S. aPRACTICAL APPLICATION OF INTRAVENOUS FLUIDS IN SURGICAL PATIENT a1ST bJAYPEEaDELHIc2013 a283 aGENERAL SURGERY